000 00553pab a2200181 454500
008 180718b1995 xxu||||| |||| 00| 0 eng d
100 _aParker, R. Andrew
245 _aPatterns of federal urban spending
_bcentral cities and their suburbs, 1983-1992.
260 _c1995
300 _ap.184-205
362 _aNov
650 _aUrban policy - United States
650 _aFederal city relations - United States
650 _aExpenditures, Public - United States
650 _aPublic expenditures
773 _aUrban Affairs Review
909 _a30181
999 _c30181
_d30181